000 01264nac a22003017a 4500
001 BR8200748
003 BR-BrBNA
005 20240105115231.0
008 230509b bl.|||m| |||| 00| 0 por d
040 _aBR-BrBNA
_bpor
_cBiblioteca Nacional de Agricultura
072 _aF30; F27
090 _a0430 BR8200748
100 1 _aSilva, M.J. da
100 1 _aPimentel, C.R.M.
110 1 _aCentro Nacional de Pesquisa do Algodao, Campina Grande, PB (Brasil)
_91702
245 1 _aAvaliacao de diferentes cultivares de algodoeiro herbaceo sob condicoes irrigadas [Algodao herbaceo; Gossypium herbaceum; Comportamento de variedade; Cultura irrigada]
246 1 _a[Evaluation of different herbaceous cotton cultivars under irrigated conditions [Herbaceous cotton; Gossypium herbaceum; Variety behaviour; Irrigated crop]
260 3 _aCampina Grande, PB (Brasil):
_c1981.
300 _a2 p.
490 _aComunicado Tecnico - Centro Nacional de Pesquisa de Algodao (Brazil)
_vno. 16
_xISSN 0100-6460
650 _aMelhoramento genetico vegetal
650 _aCultivo do solo
650 _aAlgodao herbaceo
650 _aComportamento de variedade
650 _aCultura irrigada
909 _a202312
_bLúcia Elande
_c55
_dLúcia Elande
942 _2AGRIS
_n0
_cMS
999 _c273795
_d273795